000 00827nam0a22002531 4500
001 rc\1112609
005 20250622182418.0
035 _a(NLR Aleph) 006356787
090 _a4859558
_c4859558
100 _a20041126d1982 |||y0rusy50 ca
101 0 _arus
102 _aRU
105 _ay |||||||||
200 1 _aИзучение зарубежной литературы в школе
_eПособие для учителей (VIII-X кл.)
210 _aМ.
_cПросвещение
_d1982
215 _a160 с.
_d21
700 1 _aТураев
_bС.В.
_f1911-
_gСергей Васильевич
701 1 _aЧавчанидзе
_bД.Л.
_f1937-
_gДжульетта Леоновна
_4070
801 0 _aRU
_bNLR
_gpsbo
801 1 _aRU
_bELAR
_2rusmarc
852 _aNLR
_j82-5/3559
942 _cBOOK
980 _aNB